| 000 | 01200cam a22002413a 4500 | ||
|---|---|---|---|
| 001 | 28919 | ||
| 003 | PGUSA | ||
| 005 | 20140828083627.0 | ||
| 008 | 090501s2009||||xxu|||||s|||||000 | eng d | ||
| 040 |
_aPGUSA _beng |
||
| 042 | _adc | ||
| 050 | 4 | _aPS | |
| 100 | 1 |
_aLeacock, Stephen, _d1869-1944 |
|
| 245 | 1 | 0 |
_aFrenzied Fiction _h[electronic resource] / _cStephen Leacock |
| 260 |
_bProject Gutenberg, _c2009 |
||
| 505 | 0 | _aMy revelations as a spy -- Father Knickerbocker: a fantasy -- The prophet in our midst -- Personal adventures in the spirit world -- The sorrows of a summer guest -- To nature and back again -- The cave man as he is -- Ideal interviews -- The new education -- The errors of Santa Claus -- Lost in New York -- This strenuous age -- The old, old story of how five men went fishing -- Back from the land -- The perplexity column as done by the jaded journalist -- Simple stories of success, or How to succeed in life -- In dry Toronto -- Merry Christmas. | |
| 506 | _aPublic domain in the USA. | ||
| 516 | _aElectronic text | ||
| 653 | _aHumorous stories, Canadian | ||
| 830 | 0 |
_aProject Gutenberg _v28919 |
|
| 856 | 4 | 0 | _uhttp://www.gutenberg.org/ebooks/28919 |
| 942 | _cEB | ||
| 999 |
_c258174 _d258174 |
||